MDQL
is popping MORE tags! Check the
thread
!
Quizzes
Events
Quiz Creation
Community
Videos
Private Events
Remove Ads
Sign In
Join for FREE
Feedback
Dark Mode
Quiz Categories
Sports
Geography
Music
Movies
Television
Just For Fun
Miscellaneous
History
Literature
Language
Science
Gaming
Entertainment
Religion
Holiday
For Kids
Quiz Lab
Recent
Popular Today
Quiz Kudos Today
Editor Picks
Curator Picks
Quizzes by...
Day
Popularity
Type
Ratings
Length
Year
Community
Subscriptions
Recent Discussions
Orange Saloon
Badges
Playlists
Quests
Create
Leaderboards
Showdown
Live 5
Trivia Bingo
Activity
Puzzle Library
Sporcle Events
Private Events
Virtual Trivia
Globe League
Become a Host
Pub Owners
SporcleCon
Opinionation
Our Games
Videos
Blog
Mobile Apps
Partnerships
Remove Ads and Go Orange
Feedback
Language
Vocabulary
Begins and Ends
Definition
Spanish
French
German
Italian
Chinese
Latin
Translation
Japanese
Language
Vocabulary
Begins and Ends
Definition
Spanish
French
German
Italian
Chinese
Latin
Translation
Japanese
Random Quiz
Search Sporcle
×
Quiz Lab
Quiz Lab
Language
common
Type in answers that appear in a list
Type in answers that appear in a list
Classic
Best Score? Go Orange.
Word association Stats
Can you name the words that are commonly associated with the following words?
By
purplebackpack89
5m
60 Questions
27 Plays
27 Plays
27 Plays
Comments
Comments
Give Quiz Kudos
Give Quiz Kudos
-
- Ratings
hide this ad
More Info
Forced Order
Answers have to be entered in order
Answers have to be entered in order
Random Order
Randomize order of answers
Randomize order of answers
Replay
Link that replays current quiz
Next Quiz
Link to next quiz in quiz playlist
You Got
0%
They Got
Avg Score
67%
Avg Friend Score
Upgrade to see
Score Distribution
Jump to the score distribution portion of the page
Score
0/60
Timer
05:00
0
Plays Today
First word
Second word
% Correct
Night and
Day
100%
Salt and
Pepper
100%
Hide and
Seek
96.3%
King and
Queen
96.3%
Romeo and
Juliet
96.3%
Dungeons and
Dragons
96.3%
Life and
Death
92.6%
Hit and
Run or Miss
92.6%
Cats and
Dogs
92.6%
Pride and
Prejudice
92.6%
Track and
Field
92.6%
Crime and
Punishment
88.9%
Gin and
Tonic
88.9%
Thunder and
Lightning
88.9%
Bread and
Butter or Water
88.9%
Supply and
Demand
85.2%
Chutes and
Ladders
85.2%
Guns and
Roses
85.2%
Bacon and
Eggs or Sausage
85.2%
Shoes and
Socks
85.2%
Fire and
Ice
81.5%
Plain and
Simple
81.5%
Good and
Bad or Evil
81.5%
Knife and
Fork
81.5%
Fish and
Chips
77.8%
Pen and
Pencil, Paper or Ink
77.8%
Stand and
Deliver
74.1%
Odds and
Ends
74.1%
Dollars and
Cents
74.1%
Lewis and
Clark
74.1%
First word
Second word
% Correct
Simon and
Garfunkel
74.1%
Horse and
Rider, Carriage or Buggy
70.4%
Meat and
Potatoes
70.4%
Dead and
Gone or Buried
66.7%
Ball and
Chain or Socket
66.7%
Pomp and
Circumstance
66.7%
Pure and
Simple
63%
Rough and
Tumble or Ready
63%
Shock and
Awe
59.3%
Sword and
Shield or Sandal
59.3%
Wine and
Cheese
59.3%
Smoke and
Mirrors
51.9%
Fear and
Loathing
51.9%
Assault and
Battery
51.9%
Blood and
Guts or Gore
51.9%
Cup and
Saucer
51.9%
Research and
Development
48.1%
Wax and
Wane
44.4%
Rod and
Reel
44.4%
Car and
Driver
44.4%
Shirts and
Skins
40.7%
Decline and
Fall
40.7%
Rack and
Ruin or Pinion
40.7%
Bulls and
Bears
40.7%
Boom and
Bust
37%
Toccata and
Fugue
25.9%
Bound and
Determined
22.2%
Hope and
Change
14.8%
Ruffles and
Flourishes
14.8%
Road and
Track
11.1%
Quiz Playlist
Details
Report
Send in Message
Add To Playlist
More Info:
Some of these come from magic the Gathering cards; others are common cultural ones. A few have multiple answers
Classic:
Type in answers that appear in a list
Forced Order:
Answers have to be entered in order
Random Order:
Randomize order of answers
Last Updated: Feb 16, 2017
Quiz Scoreboard
CHALLENGE
Sign Up to Join the Scoreboard
Show All
Scores
Hide
Comments
May contain spoilers
Recently Published
Two Season TV Shows II
by 123Four
Television
10m
Image Sorting: Flags VI
by Barbecue
Geography
2m
Find the 'City' Movie
by crazypaving
Movies
60s
More to Explore
Quiz From the Vault
Featured Blog Post
14 Easter Pick-up Lines to Find Eggs With
hide this ad
You Might Also Like...
Tags
association
common
second
Today's Top Quizzes in Language
Browse Language
hide this ad
Today's Top Quizzes in common
Browse common
Top Contributed Quizzes in Language
1
What Word Starts All?
2
1-10 Letter F Words III
3
Arabic Numerals
4
1-10 Letter G Words III
5
Harry Potter book 6 chapters: English & Greek
6
1-10 Letter H Words III
7
Weisst du, aus welchen Sprachen diese Wörter stammen?
8
1-10 Letter I Words III
9
Celtic Nations in their Language
10
Russian Alphabet (Picture Click)
Explore More
Trending Topics
NBA
Harry Potter
Kpop
Crossword
Marvel
Disney
Anime
Pokémon
Song
NFL
Puzzle
Country
WWE
The Office
Soccer
hide this ad
More By:
purplebackpack89
Quiz
Plays
Rating
Category
Featured
Created
NBA Top 5 Scorers By 5-Year Period
153,457
4.77
Sports
Feb 1, 2016
NBA Top 5 Playoff Scorers By 5-Year Period
75,876
4.83
Sports
Dec 15, 2016
NCAA Tournament Cities
56,827
4.55
Sports
Mar 14, 2011
MLB by County
52,926
4.38
Sports
May 23, 2011
American Historical Figures Logic Puzzle
25,539
4.19
History
Dec 12, 2012
Go to Creator's Profile
Score Distribution
Quiz Creator Spotlight
purplebackpack89
Follow
Send a Message
Quizzes Created
-
Created Quiz Play Count
-
More By This Creator
Popular Quizzes Today
1
Find the US States - No Outlines Minefield
2
Colored Red Africa Blitz
3
Find the 'City' Movie
4
5x2 Blitz: Bands
5
The Countries of the World
6
Find the Countries of Europe - No Outlines Minefield
7
Find the US States
8
US States
More Language Quizzes
13×13 English crossword - II
Quiz Lab
Trending Quizzes
Colored Red Europe Blitz I
Colored Red Africa Blitz II
Colored Red Europe Blitz II
Colored Red Africa Blitz III
Colored Red Europe Blitz III
Recently Updated
How Do You Spell That?
pecheneg
Godzilla Movies
pecheneg
Grab Bag: 4-10 Letters
pecheneg
2024 March Madness Bracket
pecheneg
Famous TV Couples
Peacemaker
Champions League XIs: Real Madrid
pecheneg
Largest US Cities 1790-2010
pecheneg
Rides in Walt Disney World
pecheneg
Most Oscar Losses (Acting)
pecheneg
Beyoncé Albums
pecheneg
Trending Topics
Disney
NBA
Kpop
Crossword
Anime
Harry Potter
Marvel
Puzzle
Soccer
WWE
Pokémon
Country
Song
NFL
The Office
Your Account Isn't Verified!
In order to create a playlist on Sporcle, you need to verify the email address you used during registration. Go to your
Sporcle Settings
to finish the process.
Report this User
Report this user for behavior that violates our
Community Guidelines
.
Details:
Send Report
Go to the Sporcle.com Mobile Site →
Comments